Gemeenten in het Brussels Hoofdstedelijk Gewest - Statistieken

Algemene statistieken
  • Deze quiz is 76 keer genomen
  • De gemiddelde score is 10 van 19
Antwoordstatistieken
Antwoord % Correct
Anderlecht
85%
Sint-Jans-Molenbeek
83%
Brussel
78%
Schaarbeek
71%
Ukkel
61%
Sint-Gillis
59%
Jette
54%
Elsene
51%
Sint-Lambrechts-Woluwe
51%
Sint-Pieters-Woluwe
51%
Etterbeek
49%
Koekelberg
49%
Evere
47%
Vorst
47%
Watermaal-Bosvoorde
47%
Sint-Agatha-Berchem
46%
Sint-Joost-ten-Node
44%
Ganshoren
39%
Oudergem
36%
Geen overeenkomende quizzen gevonden
Scoreverdeling
Procent van Mensen met Elke Score
Percentiel versus Aantal Correcte Antwoorden
Uw Scoregeschiedenis
U heeft deze quiz nog niet genomen